000 01523nam a2200409 i 4500
001 ELB115667
003 FINmELB
005 20250326043112.0
006 m o u
007 cr cn|||||||||
008 200229s2015 ec o 000 0 spa d
020 _a9789942063212
_q(e-book)
035 _a(OCoLC) 1142935511
040 _aFINmELB
_bspa
_erda
_cFINmELB
050 4 _aKHK5402
_bE5615 2015
080 _a343(866)
082 0 _a345.866
_223
100 1 _aEncalada Hidalgo, Pablo.
245 1 0 _aTeoría constitucional del delito :
_banálisis aplicado al Código Orgánico Integral Penal /
_cPablo Encalada Hidalgo.
264 1 _aQuito :
_bCorporación de Estudios y Publicaciones,
_c2015.
300 _a1 recurso en línea (115 páginas)
336 _atexto
_btxt
_2rdacontent/spa
337 _acomputadora
_bc
_2rdamedia/spa
338 _arecurso en línea
_bcr
_2rdacarrier/spa
588 _aDescripción basada en metadatos suministrados por el editor y otras fuentes.
590 _aRecurso electrónico. Santa Fe, Arg.: elibro, 2020. Disponible vía World Wide Web. El acceso puede estar limitado para las bibliotecas afiliadas a elibro.
650 0 _aCriminal law
_zEcuador.
650 4 _aDerecho penal.
651 4 _aEcuador.
655 4 _aLibros electrónicos.
797 2 _aelibro, Corp.
856 4 0 _uhttps://elibro.net/ereader/usam/115667
999 _c140550
_d140550